Harry Potter - Tile Select - Statistiques

Statistiques générales
  • Ce quiz a été pris 158 fois
  • Le résultat moyen est 55 sur 69
Statistiques - réponses
Question Tuile Select % Correct
Quel maisons existent ? Gryffondor Oui
100%
Quel maisons existent ? Ravenros Non
100%
Quel maisons existent ? Weasley Non
100%
Quel maisons existent ? Poufsouffle Oui
99%
Quel maisons existent ? Serdaigle Oui
99%
Quel maisons existent ? Serpentard Oui
99%
Quel sorts existent ? Wingardium leviosa Oui
99%
Quels "ballons" viennent d'Harry Potter ? Non
98%
Quels "ballons" viennent d'Harry Potter ? Non
98%
Quels "ballons" viennent d'Harry Potter ? Non
98%
Quelles créatures magiques sont présentes ? Détraqueur Oui
98%
Quel sorts existent ? Expelliarmus Oui
98%
Quels noms de famille existent ? Granger Oui
98%
Quels nom de film existent ? Harry Potter à l'école des Arts Non
98%
Quels nom de film existent ? Harry Potter et la Coupe de feu Oui
98%
Quels nom de film existent ? Harry Potter et le Prisonnier d'Azkaban Oui
98%
Quelles citations existent ? Valar Morghulis Non
98%
Quels noms de famille existent ? Weasley Oui
98%
Quels nom de film existent ? Harry Potter et les reliques de la mort Oui
97%
Quels "ballons" viennent d'Harry Potter ? Oui
96%
Quels noms de famille existent ? Allen Non
96%
Quelles créatures magiques sont présentes ? Balrog Non
96%
Quels fantomes existent ? Mimi Geignarde Oui
96%
Quelles créatures magiques sont présentes ? Simurgh Non
96%
Quel sorts existent ? Terraflexion Non
96%
Quel sorts existent ? Chronostabilis Non
95%
Quels noms de famille existent ? Londubat Oui
95%
Quelles citations existent ? Tu es un sorcier Harry. Oui
95%
Quel sorts existent ? Lumivolatus Non
94%
Quel sorts existent ? Accio Oui
93%
Quelles créatures magiques sont présentes ? Centaure Oui
93%
Quels noms de famille existent ? Diggory Oui
93%
Quels nom de film existent ? Harry Potter et la Chambre des serpents Non
93%
Quelles citations existent ? On a peur Potter ? Oui
93%
Quels fantomes existent ? Saint Honoré Non
93%
Quelles créatures magiques sont présentes ? Loup-garou Oui
92%
Quelles créatures magiques sont présentes ? Xenomorphes Non
92%
Quelles créatures magiques sont présentes ? Épouvantard Oui
91%
Quels patronus existent ? Panda Non
90%
Quels nom de film existent ? Harry Potter et l'Ordre du Sphynx Non
89%
Quelles citations existent ? C'est fou à quel point vous ressemblez à votre père ! Lui aussi était d'une grande arrogance ! Oui
86%
Quels noms de famille existent ? Chang Oui
86%
Quels patronus existent ? Loutre Oui
86%
Quels noms de famille existent ? Cornus Non
84%
Quels personnages ont les yeux marrons ? Hermione Granger Oui
83%
Quels patronus existent ? Singe Non
82%
Quels "ballons" viennent d'Harry Potter ? Oui
79%
Quels fantomes existent ? Dame Grise Oui
78%
Quels "ballons" viennent d'Harry Potter ? Oui
77%
Quels personnages ont les yeux marrons ? Harry Potter Non
75%
Quelles citations existent ? Je refuse de payer un sou pour qu'un vieux cinglé lui apprenne des tours de magie ! Oui
74%
Quel sorts existent ? Diffindo Oui
72%
Quelles créatures magiques sont présentes ? Elfes Oui
70%
Quels personnages ont les yeux marrons ? Severus Rogue Oui
64%
Quels personnages ont les yeux marrons ? Dobby Non
63%
Quels patronus existent ? Bouc Oui
60%
Quels fantomes existent ? Moine Gras Oui
57%
Quelles créatures magiques sont présentes ? Touffu Oui
54%
Quels patronus existent ? Lynx Oui
52%
Quels personnages ont les yeux marrons ? Ginny Weasley Non
46%
Quels noms de famille existent ? Macmillan Oui
43%
Quels noms de famille existent ? Finch Non
41%
Quels personnages ont les yeux marrons ? Ron Weasley Non
41%
Quels patronus existent ? Souris Oui
39%
Quelles citations existent ? Je ne cherche aucun ennui. Généralement, ce sont les ennuis qui me trouvent. Oui
36%
Quel sorts existent ? Dentesaugmento Oui
14%
Quels fantomes existent ? Lord Draben Oui
12%
Quel sorts existent ? Aparecium Oui
7%
Quels fantomes existent ? Veuve pleureuse Oui
4%
Aucun quiz correspondant
Distribution des résultats
% des personnes avec chaque résultat
Percentile par nombre de réponses
Votre historique - résultats
Vous n’avez pas pris ce quiz